000 00879nam a2200229Ia 4500
003 GCL
008 140319s9999 xx 000 0 ara d
040 _aGCL /
_cGCL
082 0 4 _a33.0121
_bم ت
100 1 _aمحمد عبدالمنعم عفر
245 1 0 _aالتنمية والتخطيط وتقديم المشروعات فى الاقتصاد الاسلامى /
_cمحمد عبدالمنعم عفر
260 _a[S.N] :
_bدار الوفاء للطباعة والنشر والتوزيع ،
_c1992
300 _a330 ص
490 _aاضواء على الاقتصاد الاسلامى
_v0
650 0 4 _aالاقتصاد
650 0 4 _aالتخطيط الاقتصادى
650 0 4 _aالاقتصاد الاسلامى
650 0 4 _aالتنمية الاقتصادية
650 0 4 _aالاجتماع
650 0 4 _aالمدارس الاقتصاية
942 _2ddc
_cBK
999 _c27848
_d27848